Varones ilustres del Nuevo Mundo : (Record no. 98515)
[ view plain ]
| 000 -LEADER | |
|---|---|
| campo de control de longitud fija | 01337nam a2200253 i 4500 |
| 001 - NÚMERO DE CONTROL | |
| campo de control | 98515 |
| 003 - IDENTIFICADOR DE NÚMERO DE CONTROL | |
| campo de control | ES-MaACL |
| 005 - FECHA Y HORA DE LA ÚLTIMA TRANSACCIÓN | |
| campo de control | 20230906182313.0 |
| 007 - CAMPO FIJO DE DESCRIPCIÓN FÍSICA--INFORMACIÓN GENERAL | |
| campo de control de longitud fija | t| |
| 008 - DATOS DE LONGITUD FIJA--INFORMACIÓN GENERAL | |
| campo de control de longitud fija | 050929s1639 sp ||||1|cspa d |
| 100 1# - ENTRADA PRINCIPAL--NOMBRE DE PERSONA | |
| Nombre de persona | Pizarro y Orellana, Fernando. |
| 9 (RLIN) | 92453 |
| 245 10 - MENCIÓN DEL TÍTULO | |
| Título | Varones ilustres del Nuevo Mundo : |
| Resto del título | descubridores, conquistadores y pacificadores del... Imperio de las Indias Occidentales : sus vidas, virtud, valor, hazañas y claros blasones... : con un discurso legal de la obligación que tienen los reyes a premiar los servicios de sus vasallos... / |
| Mención de responsabilidad, etc. | Fernando Pizarro y Orellana. |
| 260 ## - PUBLICACIÓN, DISTRIBUCIÓN, ETC. | |
| Lugar de publicación, distribución, etc. | En Madrid : |
| Nombre del editor, distribuidor, etc. | por Diego Díaz de la Carrera, a costa de Pedro Coello, |
| Fecha de publicación, distribución, etc. | 1639. |
| 300 ## - DESCRIPCIÓN FÍSICA | |
| Extensión | 12 h., 427, 72 p., 16 h. ; |
| Dimensiones | 29 cm. |
| 530 ## - NOTA DISPONIBLE DE FORMULARIO FÍSICO ADICIONAL | |
| Nota de formato físico adicional disponible | Disponible en formato digital. |
| 594 ## - Nota al título y mención de responsabilidad | |
| Nota al título y mención de responsabilidad | Datos tomados de los preliminares y de Palau y Dulcet. Manual del librero hispano-americano, v. 13, p. 294, rfa. 227687. |
| 597 ## - NOTA DE DESCRIPCIÓN FÍSICA | |
| NOTA DE DESCRIPCIÓN FÍSICA | Ejemplar sin portada y hojas siguientes. |
| 650 14 - PUNTO DE ACCESO ADICIONAL DE MATERIA--TÉRMINO DE MATERIA | |
| Término de materia o nombre geográfico como elemento de entrada | Conquistadores- |
| Subdivisión geográfica | América- |
| Subdivisión general | Biografías. |
| 9 (RLIN) | 155640 |
| 650 #4 - PUNTO DE ACCESO ADICIONAL DE MATERIA--TÉRMINO DE MATERIA | |
| Término de materia o nombre geográfico como elemento de entrada | Conquistadores- |
| Subdivisión geográfica | España- |
| Subdivisión general | Biografías. |
| 9 (RLIN) | 155641 |
| 700 1# - ENTRADA AGREGADA--NOMBRE PERSONAL | |
| Nombre de persona | Coello, Pedro. |
| 9 (RLIN) | 155642 |
| 700 1# - ENTRADA AGREGADA--NOMBRE PERSONAL | |
| Nombre de persona | Díaz de la Carrera, Diego. |
| 9 (RLIN) | 126903 |
| 852 4# - LOCALIZACIÓN | |
| Ubicación | ES-MaACL |
| Número de control de estantería | R-1118 |
| Encuadernación | Olim: G-7625 |
| 856 4# - LOCALIZACIÓN Y ACCESO ELECTRÓNICOS | |
| Identificador Uniforme de Recursos | <a href="http://bdh-rd.bne.es/viewer.vm?id=0000092777&page=1 ">http://bdh-rd.bne.es/viewer.vm?id=0000092777&page=1 </a> |
| Nota pública | Biblioteca Digital Hispánica |
| Estatus retirado | Estado de pérdida | Estado de daño | No para préstamo | Colección | Biblioteca de origen | Biblioteca actual | Ubicación en estantería | Fecha de adquisición | Fuente de adquisición | Total de préstamos | Signatura topográfica completa | Código de barras | Visto por última vez | Precio de reemplazo | Tipo de ítem Koha |
|---|---|---|---|---|---|---|---|---|---|---|---|---|---|---|---|
| Colección digital | Biblioteca del Ateneo de Madrid | Biblioteca del Ateneo de Madrid | Depósito | 17/01/2008 | R-1118 | 1102850 | 23/02/2023 | 23/02/2023 | Libro impreso antiguo |
